NBA Players Colleges - Statistics

General Stats
  • This quiz has been taken 81 times
  • The average score is 27 of 35
Answer Stats
Hint Answer % Correct
Anthony Davis Kentucky
97%
Paolo Banchero Duke
96%
Blake Griffin Oklahoma
93%
Kevin Durant Texas
93%
Anthony Edwards Georgia
90%
Jordan Poole Michigan
90%
Jalen Brunson Villanova
90%
Steph Curry Davidson
89%
Al Horford Florida
86%
Cole Anthony North Carolina
86%
Kevin Love UCLA
86%
Chris Paul Wake Forest
85%
Cade Cunningham Oklahoma State
83%
Demar Derozan USC
83%
D'Angelo Russell Ohio State
82%
Jaden Ivey Purdue
81%
Keegan Murray Iowa
79%
Damian Lillard Webber State
76%
Jaren Jackson Jr. Michigan State
75%
Ja Morant Murray State
75%
Demontas Sabonis Gonzaga
74%
Alex Caruso Texas A&M
74%
Jabari Smith Auburn
72%
Brook Lopez Stanford
72%
Dauris Garland Vanderbilt
72%
Mac Mclung Texas Tech
71%
Andre Drummond UCONN
69%
Dejounte Murray Washington
69%
Kelly Oubre Jr. Kansas
68%
JD Davison Alabama
65%
Naz Reid LSU
64%
Jeremy Sochan Baylor
60%
Jalen Duren Memphis
60%
Spencer Dinwiddie Colorado
54%
Trey Murphy III Virginia
50%
No matching quizzes found
Score Distribution
Percent of People with Each Score
Percentile by Number Answered
Your Score History
You have not taken this quiz